000 00425cam a2200169ua 4500
003 OSt
008 250512b |||||||| |||| 00| 0 eng d
041 _aeng
082 _a624.171
_bMER/IN
100 _aMerchant, W .
_97478
245 _aIntroduction to the theory of structures /
250 _a1 /
260 _aLondon :
_bBlackie & Son Ltd ,
_c1962.
300 _a210 ; .
700 1 _aBolton, A .
_97479
942 _cBK
999 _c7141
_d7141